|
|
|
|
| LEADER |
00000nab a2200000 a 4500 |
| 001 |
vtls010604281 |
| 003 |
SK-MaSNL |
| 005 |
20260305003852.0 |
| 008 |
140618c2014 xo drz 0 0slo |
| 038 |
|
|
|a KEVKJB
|
| 040 |
|
|
|a KEVKJB
|b slo
|c KEVKJB
|e AACR2
|
| 041 |
0 |
|
|a slo
|
| 044 |
|
|
|a xo
|c SK
|
| 080 |
|
|
|a 785.11
|2 2001
|
| 080 |
|
|
|a 323.15(=411.16)
|2 2001
|
| 100 |
1 |
|
|a Jesenský, Mikuláš
|4 aut
|9 266855
|
| 245 |
1 |
0 |
|a Dom umenia a sporov
|b po dvadsiatich rokoch sa spor o košický Dom umenia dostáva do rozhodujúcej fázy
|c Mikuláš Jesenský
|
| 300 |
|
|
|b Fotogr.
|
| 610 |
2 |
7 |
|a Dom umenia (Košice, Slovensko)
|2 kevkjb
|9 435819
|
| 610 |
2 |
7 |
|a Štátna filharmónia Košice
|2 kevkjb
|9 56989
|
| 610 |
2 |
7 |
|a Židovská náboženská obec (Košice, Slovensko)
|2 kevkjb
|9 29571
|
| 651 |
|
7 |
|a Košice (Slovensko)
|2 kevkjb
|9 18694
|
| 773 |
0 |
|
|t Sme
|g Roč. 22, č. 136 (14.6.2014)
|x 1335-440X
|
| 773 |
0 |
8 |
|i Príl.:
|t Magazín Víkend
|g S.8-9
|
| 852 |
|
|
|a KEVKJB
|b KIS3GCP
|
| 958 |
|
|
|a ZD
|
| 999 |
|
|
|c 3232876
|d 3234806
|